00819nam a2200241 a 450000100060000000300080000600500170001400800410003102000150007203500190008704000260010604100080013208200240014024500570016426000430022130000250026450400500028960000450033970000270038494200120041199900170042395201370044054794BD-RjUL20211209080153.0161110s1968 enk 000 0 eng d a0710062435 a(BD-RjUL)54916 aBD-RjULbengcBD-RjUL aeng a823.7223bCRI 196800aCritical essays on Emma Jane Austen /cB. C. Southam aLondon :bRoutledge & K. Paul, c1968. axvi, 206 p. ;c21 cm aIncludes Bibliographical References and Index10aAusten, Jane,d1775-1817.tEmma.9163343 aSoutham, B. C.9163342 2ddccBK c54794d54794 00102ddc40708NFICaRUCLbRUCLcStackd1970-08-20eZeitlingerg35.00l0o823.7 CRI 1968r2016-11-10 00:00:00tC-2w2016-11-10yBK